000 00667nas a2200229 4500
001 BR9502772
003 BR-BrBNA
005 20231205094340.0
007 ta
008 230509b bl.|||p| |||| 00| 00por d
040 _aBR-BrBNA
_bpor
_cBiblioteca Nacional de Agricultura
041 _a(En)
072 _aH10
100 1 _aPonte, J.J. da
245 1 _aMeloidogyne Lordelloi sp. N., A nematode parasite of Cereus macrogomus
650 _aCacto
650 _aMeloidogyne
650 _aNematoide
773 0 _tBoletim Cearense de Agronomia (Brazil)
_x
_g(Jun 1969), v. 10 p. 59-63
_wBR9502772
909 _a202311
_bLúcia
_c55
_dLúcia Elande
942 _2AGRIS
_n0
_cANA
999 _c143724
_d143724